00395 a2200109 4500001001000000005001700010008004100027245009300068100002400161700002900185773007100214ART_1201520260410161559.0260409a 10aUn aporte crítico a la valoración empírica de empresas utilizando EBITIDA y el EVA1 aAlonso, Juan Carlos1 aGiménez, Carlos Manuel0 tProfesional & Empresariag- Año XIII, Nº 160 (ene. 2013)wREV70